The new handbook of prescription drugs: official names, prices, and sources for patient and doctor.

Bibliographic Details
Main Author: Burack, Richard
Format: Book
Language:English
Published: New York : Pantheon Books, [1970]
Edition:[Rev. ed.].
Subjects:

MARC

Tag First Indicator Second Indicator Subfields
LEADER 00000cam a2200000 4500
001 in00000078303
005 20151008060721.0
008 700821s1970 nyu b 00100 eng
010 |a  76015606  
035 |a (OCoLC)00090799 
035 |9 AAJ6413AM 
037 |c 7.95 
040 |a DLC  |c DLC  |d TXA  |d UtOrBLW 
049 |a TXAM  |c [1147332] 
050 0 0 |a RS91  |b  B916 1970 
082 0 |a 615/.1 
100 1 |a Burack, Richard. 
245 1 4 |a The new handbook of prescription drugs: official names, prices, and sources for patient and doctor. 
250 |a [Rev. ed.]. 
264 1 |a New York :  |b Pantheon Books,  |c [1970] 
300 |a xiv, 362 pages ;  |c 22 cm. 
336 |a text  |b txt  |2 rdacontent 
337 |a unmediated  |b n  |2 rdamedia 
338 |a volume  |b nc  |2 rdacarrier 
500 |a Published in 1967 under title: The handbook of prescription drugs. 
504 |a Includes bibliographical references. 
650 0 |a Drugs. 
650 0 |a Prescription pricing. 
999 |a MARS 
999 f f |s 34819574-6f2d-3274-b4c5-829a11e639b4  |i c1f2d887-8f2b-386f-ab3b-d84d5d3f96dd  |t 0 
952 f f |p ric  |a Texas A&M University  |b Rellis Campus  |c Joint Library Facility  |d Remote Storage  |t 0  |e RS91 B916 1970  |h Library of Congress classification  |i unmediated -- volume  |m A14805157998 
998 f f |a RS91 B916 1970  |t 0  |l Remote Storage